|
|
|
|
| LEADER |
00944nam a2200265 a 4500 |
| 001 |
4520857 |
| 008 |
090616s2000 caua b 001 0 eng d |
| 010 |
|
|
|a \\\99016513
|
| 020 |
|
|
|a 0761993649 (cl.)
|
| 020 |
|
|
|a 0761993630 (pbk.)
|
| 020 |
|
|
|a 8170368316
|
| 020 |
|
|
|a 8170368308
|
| 040 |
|
|
|a DLC
|c DLC
|d DLC
|
| 082 |
0 |
0 |
|a 658.4/5
|2 21
|
| 100 |
1 |
|
|a Vilanilam, John V.
|
| 245 |
1 |
0 |
|a More effective communication :
|b a manual for professionals /
|c J.V. Vilanilam.
|
| 260 |
|
|
|a Thousand Oaks, CA :
|b Sage Publications,
|c 2000.
|
| 300 |
|
|
|a 238 p. :
|b ill. ;
|c 23 cm.
|
| 504 |
|
|
|a Includes bibliographical references and index.
|
| 541 |
1 |
|
|e 00011764
|
| 650 |
|
0 |
|a Business communication.
|
| 650 |
|
0 |
|a Communication.
|
| 852 |
4 |
|
|a Ayesha Abed Library
|j General shelf
|
| 999 |
|
|
|c 1380
|d 1380
|
| 952 |
|
|
|0 0
|1 0
|2 ddc
|4 0
|6 658_450000000000000_VIL_1999
|7 0
|9 1260
|a BRACUL
|b BRACUL
|c GEN
|d 2009-06-25
|g 423.00
|l 0
|o 658.45 VIL
|p 3010011764
|r 2009-06-25
|t 1
|w 2009-06-25
|y BK
|